[Event "ITA-chT Final 56th"]
[Site "Darfo Boario Terme"]
[Date "2025.04.08"]
[Round "2.34"]
[White "Caprio, Guido"]
[Black "Seresin, Francesco"]
[Result "1-0"]
[WhiteElo "2405"]
[BlackElo "2314"]
[PlyCount "79"]
[EventDate "2025.04.07"]
[EventType "team-swiss"]
[EventRounds "9"]
[EventCountry "ITA"]
[SourceTitle "CB16_2025"]
[SourceDate "2025.04.16"]
[SourceVersion "1"]
[SourceVersionDate "2025.04.16"]
[SourceQuality "1"]
[WhiteTeam "Il Grifone D’Arzignano"]
[BlackTeam "Milan Accademia"]
[WhiteTeamCountry "ITA"]
[BlackTeamCountry "ITA"]

1. e4 c6 2. Nc3 d5 3. Nf3 dxe4 4. Nxe4 Nf6 5. Qe2 Nxe4 6. Qxe4 Nd7 7. Bc4 Nf6 8. Ne5 e6 9. Qe2 b5 10. Bb3 Qc7 11. d4 Bd6 12. Bg5 a6 13. 0-0-0 Nd5 14. Rd3 Bb7 15. Bxd5 cxd5 16. Rc3 Qb6 17. Nxf7 0-0 18. Nxd6 Qxd6 19. Re1 Rae8 20. g3 Qb6 21. Qe5 Rf7 22. Bf4 Qa5 23. Kb1 b4 24. Rc5 Qb6 25. h4 a5 26. b3 Qa6 27. Qe2 Qa8 28. Qb5 Ba6 29. Qxa5 Ra7 30. Qxb4 Bc4 31. a4 Rb7 32. Qa3 Qd8 33. Ka2 Ba6 34. Rc6 Qa8 35. Rexe6 Rxe6 36. Rxe6 Ra7 37. Rb6 Rb7 38. Qd6 Rxb6 39. Qxb6 Qc8 40. Qb8 1-0

[Event "ITA-chT Final 56th"]
[Site "Darfo Boario Terme"]
[Date "2025.04.08"]
[Round "3.18"]
[White "Sonis, Francesco"]
[Black "Seresin, Francesco"]
[Result "1-0"]
[WhiteElo "2576"]
[BlackElo "2314"]
[PlyCount "77"]
[EventDate "2025.04.07"]
[EventType "team-swiss"]
[EventRounds "9"]
[EventCountry "ITA"]
[SourceTitle "CB16_2025"]
[SourceDate "2025.04.16"]
[SourceVersion "1"]
[SourceVersionDate "2025.04.16"]
[SourceQuality "1"]
[WhiteTeam "Costa Smeralda Arzachess"]
[BlackTeam "Milan Accademia"]
[WhiteTeamCountry "ITA"]
[BlackTeamCountry "ITA"]

1. e4 c6 2. d4 d5 3. e5 c5 4. Nf3 cxd4 5. Qxd4 e6 6. Nc3 Nc6 7. Qf4 Nb4 8. Bd3 Nxd3+ 9. cxd3 Nh6 10. Nd4 Nf5 11. h4 Nxd4 12. Qxd4 Bd7 13. Be3 f6 14. h5 Be7 15. Bf4 Qb6 16. Qxb6 axb6 17. 0-0 Kf7 18. Rfe1 Rhc8 19. h6 gxh6 20. exf6 Bxf6 21. Be5 b5 22. Bxf6 Kxf6 23. a3 Bc6 24. d4 Bd7 25. Rad1 Rc4 26. Rd3 b4 27. axb4 Rxb4 28. Rf3+ Kg6 29. Ne2 Kg7 30. Nf4 Rxd4 31. Nh5+ Kh8 32. Rf7 Bb5 33. Nf6 Bd3 34. Rxe6 Rf4 35. Ree7 Rxf6 36. Rxf6 b5 37. Rd7 Bg6 38. Rxd5 b4 39. Rb5 1-0

[Event "Kaltern op 7th"]
[Site "Kaltern"]
[Date "2024.10.20"]
[Round "5"]
[White "Budai, Leonardo"]
[Black "Seresin, Francesco"]
[Result "1-0"]
[WhiteElo "1892"]
[BlackElo "2350"]
[PlyCount "99"]
[EventDate "2024.10.18"]
[EventType "swiss"]
[EventRounds "5"]
[EventCountry "ITA"]
[SourceTitle "CB43_2024"]
[Source "Chessbase"]
[SourceDate "2024.10.23"]
[SourceVersion "1"]
[SourceVersionDate "2024.10.23"]
[SourceQuality "1"]

1. e4 d5 2. exd5 Qxd5 3. Nc3 Qd6 4. d4 Nf6 5. g3 c6 6. Bg2 Bg4 7. Nf3 e6 8. Bf4 Qd8 9. Qd2 Nbd7 10. h3 Bh5 11. g4 Bg6 12. 0-0-0 Qa5 13. Ne5 Nxe5 14. dxe5 Nd5 15. Nxd5 Qxd2+ 16. Rxd2 cxd5 17. Be3 Rc8 18. f4 h5 19. f5 exf5 20. gxf5 Bxf5 21. Bxd5 Bc5 22. Bg5 Be7 23. Rg1 Bxg5 24. Rxg5 g6 25. Bxb7 Rc5 26. Bd5 Ke7 27. h4 a5 28. c4 Rd8 29. b3 f6 30. exf6+ Kxf6 31. Rgg2 Re8 32. Rde2 Rxe2 33. Rxe2 g5 34. hxg5+ Kxg5 35. a3 h4 36. b4 axb4 37. axb4 Rc8 38. c5 h3 39. c6 Rd8 40. Bh1 Rd4 41. b5 Rc4+ 42. Kd2 Rc2+ 43. Ke3 Rc1 44. Bd5 Rc5 45. Kd4 Rxb5 46. c7 Bg4 47. Re5+ Kh4 48. Re4 Rxd5+ 49. Kxd5 h2 50. c8Q 1-0

[Event "Bozen Harrwitz Memorial"]
[Site "Bozen"]
[Date "2024.06.22"]
[Round "3"]
[White "Seresin, Francesco"]
[Black "Lami, Damiano"]
[Result "1-0"]
[WhiteElo "2337"]
[BlackElo "2181"]
[PlyCount "95"]
[EventDate "2024.06.21"]
[EventType "swiss"]
[EventRounds "5"]
[EventCountry "ITA"]
[SourceTitle "CBM 220 Extra"]
[Source "ChessBase"]
[SourceDate "2024.07.31"]
[SourceVersion "1"]
[SourceVersionDate "2024.07.31"]
[SourceQuality "1"]

1. d4 d5 2. c4 e6 3. Nf3 Nf6 4. Nc3 a6 5. cxd5 exd5 6. Bg5 Be6 7. Bxf6 Qxf6 8. Qb3 Nd7 9. Qxb7 Rb8 10. Qxc7 Rxb2 11. e3 Qd8 12. Qxd8+ Kxd8 13. a3 Rb3 14. Nb1 a5 15. Nfd2 Rb2 16. Nc3 Nb6 17. Bd3 Nc4 18. Bxc4 dxc4 19. Na4 Rb7 20. 0-0 Bd6 21. Rfc1 Rc7 22. Ne4 Ke7 23. Nxd6 Kxd6 24. Rab1 Bd5 25. Nc3 Bc6 26. Rb6 Rb7 27. Ra6 Kc7 28. Rxa5 Rb3 29. Rc5 Kd6 30. Rxc4 f5 31. a4 Rhb8 32. h4 h6 33. Nb5+ Bxb5 34. axb5 R3xb5 35. Rc6+ Kd5 36. R1c5+ Ke4 37. Re6+ Kd3 38. Rxb5 Rxb5 39. Re5 Rb1+ 40. Kh2 f4 41. exf4 Rb4 42. Re7 Rxd4 43. Kg3 h5 44. Rxg7 Ke2 45. Rg5 Rd3+ 46. f3 Kf1 47. f5 Rd2 48. f6 1-0

[Event "Titled Tuesday intern op 22nd Aug Late"]
[Site "Chess.com INT"]
[Date "2023.08.22"]
[Round "11"]
[White "Seresin, Francesco"]
[Black "Dubnevych, Maksym"]
[Result "1-0"]
[WhiteElo "2352"]
[BlackElo "2391"]
[PlyCount "119"]
[EventDate "2023.08.22"]
[EventType "swiss (blitz)"]
[EventRounds "11"]
[EventCountry "USA"]
[SourceTitle "EXT 2024"]
[Source "ChessBase"]
[SourceDate "2023.10.10"]
[SourceVersion "1"]
[SourceVersionDate "2023.10.10"]
[SourceQuality "1"]

1. d4 h6 2. c4 e6 3. Nc3 d5 4. Nf3 Nf6 5. Bf4 c5 6. e3 a6 7. Be2 Nc6 8. cxd5 Nxd5 9. Nxd5 Qxd5 10. dxc5 Qxd1+ 11. Rxd1 Bxc5 12. 0-0 Ke7 13. a3 Rd8 14. b4 Bd6 15. Bxd6+ Rxd6 16. Rxd6 Kxd6 17. Rd1+ Ke7 18. Nd2 Bd7 19. Nc4 Rd8 20. Bf3 b5 21. Bxc6 bxc4 22. Rxd7+ Rxd7 23. Bxd7 Kxd7 24. Kf1 Kc6 25. a4 Kd5 26. Ke2 c3 27. Kd3 c2 28. Kxc2 Kc4 29. b5 axb5 30. a5 Kc5 31. Kb3 b4 32. a6 Kb6 33. Kxb4 Kxa6 34. Kc5 Kb7 35. Kd6 Kb6 36. Ke7 e5 37. Kxf7 g5 38. Kg6 e4 39. Kxh6 Kc5 40. Kxg5 Kd5 41. Kf4 Kd6 42. Kxe4 Ke6 43. Kf4 Kd6 44. g4 Ke6 45. h4 Kd6 46. h5 Ke6 47. h6 Kd5 48. g5 Kc4 49. h7 Kd3 50. h8Q Ke2 51. g6 Kf1 52. g7 Ke2 53. g8Q Ke1 54. e4 Ke2 55. e5 Ke1 56. Ke4 Ke2 57. f3 Ke1 58. f4 Ke2 59. Qg2+ Ke1 60. Qhh1# 1-0

[Event "ITA-chTA 53rd"]
[Site "Montesilvano"]
[Date "2022.04.22"]
[Round "5.3"]
[White "Seresin, Francesco"]
[Black "Dvirnyy, Danyyil"]
[Result "0-1"]
[WhiteElo "2327"]
[BlackElo "2509"]
[PlyCount "92"]
[EventDate "2022.04.19"]
[EventType "team-tourn"]
[EventRounds "7"]
[EventCountry "ITA"]
[SourceTitle "CBM 207 Extra"]
[Source "ChessBase"]
[SourceDate "2022.05.31"]
[SourceVersion "1"]
[SourceVersionDate "2022.05.31"]
[SourceQuality "1"]
[WhiteTeam "WorldtradingLab"]
[BlackTeam "Padova Obiettivo"]
[WhiteTeamCountry "ITA"]
[BlackTeamCountry "ITA"]

1. d4 Nf6 2. c4 e6 3. Nf3 d5 4. Nc3 Bb4 5. Qa4+ Nc6 6. Bg5 h6 7. Bxf6 Qxf6 8. e3 0-0 9. Rc1 Rd8 10. a3 Bxc3+ 11. Rxc3 e5 12. dxe5 Nxe5 13. Nxe5 Qxe5 14. cxd5 Rxd5 15. Be2 Bf5 16. f4 Qd6 17. 0-0 Rd2 18. Bf3 Rxb2 19. Qd4 Qxd4 20. exd4 c6 21. d5 cxd5 22. Bxd5 Rd8 23. Bf3 Rd4 24. Rc7 Be4 25. h3 h5 26. h4 a6 27. Kh2 b5 28. Ra7 Bxf3 29. Rxf3 Rd6 30. f5 Rd4 31. f6 Rxh4+ 32. Kg1 Rg4 33. fxg7 Rgxg2+ 34. Kh1 Rh2+ 35. Kg1 Rbg2+ 36. Kf1 Ra2 37. Kg1 Rhg2+ 38. Kh1 Rge2 39. Ra8+ Kxg7 40. Rg3+ Kh7 41. Rxa6 Re1+ 42. Rg1 Rxg1+ 43. Kxg1 b4 44. Ra5 b3 45. Rxh5+ Kg6 46. Rb5 b2 0-1

[Event "ITA-chTA 52nd"]
[Site "Montesilvano"]
[Date "2021.09.24"]
[Round "7.3"]
[White "Brunello, Sabino"]
[Black "Seresin, Francesco"]
[Result "1-0"]
[WhiteElo "2513"]
[BlackElo "2329"]
[PlyCount "63"]
[EventDate "2021.09.20"]
[EventType "team-tourn"]
[EventRounds "7"]
[EventCountry "ITA"]
[SourceTitle "CBM 204 Extra"]
[Source "ChessBase"]
[SourceDate "2021.11.30"]
[SourceVersion "1"]
[SourceVersionDate "2021.11.30"]
[SourceQuality "1"]
[WhiteTeam "Padova Obiettivo"]
[BlackTeam "WorldtradingLab"]
[WhiteTeamCountry "ITA"]
[BlackTeamCountry "ITA"]

1. Nf3 d5 2. g3 Nf6 3. Bg2 e6 4. 0-0 Be7 5. d3 0-0 6. Nbd2 b6 7. e4 dxe4 8. dxe4 Bb7 9. e5 Nfd7 10. Qe2 Qc8 11. Re1 Na6 12. a3 Re8 13. h4 Nf8 14. h5 h6 15. b4 c5 16. b5 Nc7 17. c4 a6 18. bxa6 Nxa6 19. Ne4 Qc7 20. Bf4 Nb8 21. Nf6+ Bxf6 22. exf6 Qd8 23. fxg7 Nh7 24. Bxh6 Nc6 25. Rad1 Qf6 26. Bc1 Qxg7 27. Rd7 Rab8 28. h6 Qf6 29. Nh2 Nd4 30. Qg4+ Kh8 31. Rxb7 Rxb7 32. Bxb7 1-0